| 000 | 00592nam a22001937a 4500 | ||
|---|---|---|---|
| 005 | 20251108164351.0 | ||
| 008 | 250721s1995 xx 000 0 ara d | ||
| 082 | 1 | 4 | _a398.9/عبد |
| 100 | 1 | _aعبد الفتاح، سيد صديق | |
| 245 | 1 | 0 | _aالحب في الأمثال العالمية / |
| 264 | 1 |
_aالقاهرة : _bدار البركة للنشر و التوزيع، _c1995. |
|
| 300 | _a145ص. | ||
| 650 | 1 | 7 | _aالأمثال |
| 650 | 1 | 7 | _aالحب ( عواطف ) |
| 650 | 1 | 7 | _aأوروبا |
| 650 | 1 | 7 | _aالبلدان العربية |
| 942 |
_2ddc _cBK |
||
| 999 |
_c10426 _d10426 |
||